El diario de los chicos : (Registro nro. 54146)
[ vista simple ]
| 000 -LEADER | |
|---|---|
| campo de control de longitud fija | 02980nam a2200373 a 4500 |
| 001 - NÚMERO DE CONTROL | |
| campo de control | 54146 |
| 003 - IDENTIFICADOR DE NÚMERO DE CONTROL | |
| campo de control | AR-BaAGN |
| 005 - FECHA Y HORA DE LA ÚLTIMA TRANSACCIÓN | |
| campo de control | 20250311142041.0 |
| 007 - CAMPO FIJO DE DESCRIPCIÓN FÍSICA--INFORMACIÓN GENERAL | |
| campo de control de longitud fija | ta |
| 008 - DATOS DE LONGITUD FIJA--INFORMACIÓN GENERAL | |
| campo de control de longitud fija | s ag |||||r|||| ||| ||spa d |
| 020 ## - NÚMERO INTERNACIONAL ESTÁNDAR DEL LIBRO | |
| Número Internacional Estándar del Libro | 978-987-558-812-7 |
| 040 ## - FUENTE DE CATALOGACIÓN | |
| Centro catalogador/agencia de origen | AR-BaAGN |
| Lengua de catalogación | español |
| Normas de descripción | aacr |
| 942 ## - ELEMENTOS DE ENTRADA SECUNDARIOS (KOHA) | |
| Tipo de ítem Koha | Libro |
| Prefijo de la signatura | AGN |
| Suprimir en OPAC | No |
| 100 1# - ENTRADA PRINCIPAL--NOMBRE DE PERSONA | |
| Nombre de persona | Abbattista, María Lucía, |
| ID autoridades | 6012 |
| 245 13 - MENCIÓN DEL TÍTULO | |
| Título | El diario de los chicos : |
| Resto del título | una experiencia revolucionaria de comunicación en 1973 / |
| Mención de responsabilidad, etc. | Lucía Abbattista y Daniel Badenes. |
| 250 ## - MENCION DE EDICION | |
| Mención de edición | 1a ed. |
| 260 ## - PUBLICACIÓN, DISTRIBUCIÓN, ETC. | |
| Lugar de publicación, distribución, etc. | Bernal : |
| Nombre del editor, distribuidor, etc. | Universidad Nacional de Quilmes, |
| Fecha de publicación, distribución, etc. | 2022. |
| 300 ## - DESCRIPCIÓN FÍSICA | |
| Extensión | 173 páginas : |
| Otras características físicas | facsímiles, fotografías blanco y negro ; |
| Dimensiones | 20 cm. |
| 336 ## - TIPO DE CONTENIDO | |
| Código de tipo de contenido | texto |
| Fuente | rdacontent |
| 337 ## - TIPO DE MEDIO | |
| Código del tipo de medio | no mediado |
| Fuente | rdamedia |
| 338 ## - TIPO DE SOPORTE | |
| Código del tipo de soporte | volumen |
| Fuente | rdacarrier |
| 490 0# - MENCIÓN DE SERIE | |
| Mención de serie | Comunicación y Cutura / dirigida por Alejandro Kaufman |
| 505 0# - NOTA DE CONTENIDO CON FORMATO | |
| Nota de contenido con formato | Introducción -- 1. Prohibido no participar -- 2. Comunicación para la liberación -- 3. Un periódico ilustrado -- 4. Primeras impresiones -- 5. El diario en la escuela – 6. Los chicos toman la palabra -- 7. Cambiar la historia -- 8. El país en viñetas -- 9. La Quimantú que no fue – 10. Una nube clara en la tormenta – Epílogo – Fuentes y bibliografía. |
| 520 3# - RESUMEN, ETC. | |
| Sumario, etc. | Esta obra rescata una original experiencia de prensa dirigida a las infancias hace cincuenta años. “Pensamos que los chicos tienen derecho a saber lo que pasa todos los días –se presentaba El diario de los chicos en octubre de 1973–. Tienen derecho a saber que cambió el presidente y por qué cambió; o que hubo inundaciones en muchos lugares del país; o que se construye un dique, cómo se hace y para qué va a servir; y quién decide qué hay que estudiar en las escuelas; y tantas otras cosas. Todo lo que pasa en el país y en el mundo tiene que ver con nuestra vida y la de los demás. Es importante conocerlo, saber qué cosas nos gustan y cuáles queremos cambiar. [...] Queremos que cada chico sepa lo que quiere, tenga una opinión propia. Y para tener opiniones hay que estar informados. Están pasando cosas que conmueven a todo el país. Todos tenemos algo que ver con lo que pasa, porque el país somos todos nosotros, también los chicos”. Que los movimientos sociales y políticos populares tienen como propósito ampliar derechos, que las infancias son destinatarias privilegiadas, que todavía seguimos colectivamente en la búsqueda de infancias apropiadas y que tantas atraviesan hoy sinsabores. Que historia y memoria de las culturas y las luchas populares nos acompañen siempre como lo hacen en este entrañable y comprometido libro. (Descripción del editor). |
| 630 #4 - PUNTO DE ACCESO ADICIONAL DE MATERIA--TÍTULO UNIFORME | |
| Título uniforme | El diario de los chicos |
| 650 #4 - PUNTO DE ACCESO ADICIONAL DE MATERIA--TÉRMINO DE MATERIA | |
| Término de materia o nombre geográfico como elemento de entrada | PUBLICACIONES PERIÓDICAS |
| ID autoridades | 1462 |
| 650 #4 - PUNTO DE ACCESO ADICIONAL DE MATERIA--TÉRMINO DE MATERIA | |
| Término de materia o nombre geográfico como elemento de entrada | HISTORIA ARGENTINA |
| ID autoridades | 2450 |
| 650 #4 - PUNTO DE ACCESO ADICIONAL DE MATERIA--TÉRMINO DE MATERIA | |
| Término de materia o nombre geográfico como elemento de entrada | COMUNICACIÓN |
| ID autoridades | 657 |
| 650 #4 - PUNTO DE ACCESO ADICIONAL DE MATERIA--TÉRMINO DE MATERIA | |
| Término de materia o nombre geográfico como elemento de entrada | EDUCACIÓN |
| ID autoridades | 1547 |
| 650 #4 - PUNTO DE ACCESO ADICIONAL DE MATERIA--TÉRMINO DE MATERIA | |
| Término de materia o nombre geográfico como elemento de entrada | NIÑOS |
| ID autoridades | 1865 |
| 700 1# - ENTRADA AGREGADA--NOMBRE PERSONAL | |
| Nombre de persona | Badenes, Daniel, |
| Fechas asociadas al nombre | 1982- |
| ID autoridades | 8118 |
| 700 1# - ENTRADA AGREGADA--NOMBRE PERSONAL | |
| Nombre de persona | Kaufman, Alejandro, |
| Fechas asociadas al nombre | 1954- |
| ID autoridades | 4998 |
| 710 2# - ENTRADA AGREGADA--NOMBRE DE ENTIDAD CORPORATIVA | |
| Nombre de entidad corporativa o nombre de jurisdicción como elemento de entrada | Universidad Nacional de Quilmes |
| Estado de retiro | Estado de pérdida | Fuente del sistema de clasificación o colocación | Estado de conservación | Biblioteca actual | Ubicación en estantería | Signatura topográfica completa | Código de barras | Tipo de ítem Koha |
|---|---|---|---|---|---|---|---|---|
| Clasificación Decimal Dewey | Biblioteca del Archivo General de la Nación | AGN - Biblioteca | AGN 21999 | 666 | Libro |
